[Event "RSA-ch U08 Girls"]
[Site "Gauteng"]
[Date "2017.04.10"]
[Round "10"]
[White "Williams, Anika"]
[Black "Bester, Keira"]
[Result "0-1"]
[WhiteElo "527"]
[BlackElo "724"]
[PlyCount "42"]
[EventDate "2017.04.05"]
[EventType "swiss"]
[EventRounds "11"]
[EventCountry "RSA"]
[SourceTitle "CBM 177 Extra"]
[Source "ChessBase"]
[SourceDate "2017.04.27"]
[SourceVersion "1"]
[SourceVersionDate "2017.04.27"]
[SourceQuality "1"]

1. c4 e5 2. b3 Nf6 3. Bb2 Nc6 4. d3 Bb4+ 5. Nc3 0-0 6. a3 Ba5 7. Rc1 d5 8. cxd5 Nxd5 9. b4 Bb6 10. e4 Nf6 11. h3 Be6 12. Be2 Qd4 13. Nf3 Qxf2+ 14. Kd2 Be3+ 15. Kc2 Rad8 16. Rf1 Qxg2 17. Rh1 Bc4 18. Rg1 Bxd3+ 19. Kb3 Nd4+ 20. Ka2 Bxe2 21. Qf1 Bxf1 0-1

[Event "RSA-ch U08 Girls"]
[Site "Gauteng"]
[Date "2017.04.08"]
[Round "6"]
[White "Williams, Anika"]
[Black "Nortje, Dell Maree"]
[Result "1/2-1/2"]
[WhiteElo "527"]
[BlackElo "618"]
[PlyCount "33"]
[EventDate "2017.04.05"]
[EventType "swiss"]
[EventRounds "11"]
[EventCountry "RSA"]
[SourceTitle "CBM 177 Extra"]
[Source "ChessBase"]
[SourceDate "2017.04.27"]
[SourceVersion "1"]
[SourceVersionDate "2017.04.27"]
[SourceQuality "1"]

1. e4 e5 2. Nf3 Nc6 3. Bc4 Bc5 4. c3 Qe7 5. d4 exd4 6. cxd4 Qxe4+ 7. Qe2 d5 8. dxc5 Qxe2+ 9. Bxe2 Bg4 10. h3 Bf5 11. g4 Be6 12. 0-0 Nf6 13. a3 d4 14. b4 Nd5 15. Bb2 Nf4 16. Re1 Bxg4 17. hxg4 1/2-1/2